[Event "Reykjavik Open 2010"]
[Site "Reykjavik City Hall"]
[Date "2010.02.24"]
[Round "1.46"]
[White "Johannsdottir, Johanna Bjorg"]
[Black "Bjornsson, Sigurbjorn"]
[Result "0-1"]
[WhiteElo "1705"]
[BlackElo "2317"]
[PlyCount "54"]
[EventDate "2010.02.24"]

1. e4 e5 2. d4 exd4 3. Qxd4 Nc6 4. Qe3 g6 5. Nc3 Bg7 6. Bd2 Nf6 7. Bc4 O-O 8.
O-O-O Re8 9. h3 a6 10. f4 b5 11. Bd5 Bb7 12. e5 Nxd5 13. Nxd5 Nxe5 14. Qc5 Nc4
15. Bc3 Bxc3 16. Nxc3 Bxg2 17. Rh2 d6 18. Qd4 Bb7 19. Kb1 Ne3 20. Rc1 c5 21.
Qd2 b4 22. Nce2 Qf6 23. c3 Nc4 24. Qd1 a5 25. Ka1 a4 26. Qd3 Ba6 27. Qd1 a3 0-1

[Event "Reykjavik Open 2010"]
[Site "Reykjavik City Hall"]
[Date "2010.02.24"]
[Round "1.50"]
[White "Lee, Gudmundur Kristinn"]
[Black "Thompson, Ian D"]
[Result "0-1"]
[WhiteElo "1534"]
[BlackElo "2266"]
[PlyCount "54"]
[EventDate "2010.02.24"]

1. e4 e6 2. d4 d5 3. Nc3 Bb4 4. exd5 exd5 5. Bd2 Nf6 6. Bd3 O-O 7. Nge2 c5 8.
dxc5 Bxc5 9. O-O h6 10. h3 Nc6 11. Ng3 Re8 12. Nce2 Be6 13. Nf4 Qc7 14. Nfh5
Nxh5 15. Qxh5 Qxg3 16. b4 Bb6 17. b5 Qe5 18. Qh4 Bd8 19. Qa4 Bc7 20. f4 Qd4+
21. Qxd4 Nxd4 22. f5 Bd7 23. a4 Ne2+ 24. Bxe2 Rxe2 25. Rad1 Bb6+ 26. Kh1 Rc8
27. c3 Rc4 0-1

[Event "Reykjavik Open 2010"]
[Site "Reykjavik City Hall"]
[Date "2010.02.24"]
[Round "1.52"]
[White "Johnsen, Sylvia"]
[Black "Sigurdsson, Birkir Karl"]
[Result "1-0"]
[WhiteElo "2032"]
[BlackElo "1446"]
[PlyCount "91"]
[EventDate "2010.02.24"]

1. e4 c5 2. Nf3 Nc6 3. c3 d6 4. d4 cxd4 5. cxd4 Bg4 6. Nc3 a6 7. Bc4 e5 8. dxe5
Bxf3 9. gxf3 dxe5 10. Be3 Bb4 11. Qb3 Qe7 12. O-O-O Nf6 13. Nd5 Nxd5 14. Bxd5
O-O 15. Rhg1 Na5 16. Qd3 Rac8+ 17. Kb1 Qf6 18. f4 Bc5 19. fxe5 Qxe5 20. Rg5 Qe7
21. Qc3 g6 22. Rdg1 Qd6 23. Qxa5 Bxe3 24. fxe3 Qxh2 25. R5g2 Qd6 26. Qd2 Rfd8
27. Bxb7 Rb8 28. Qxd6 Rxd6 29. Bd5 Kg7 30. Rc1 Rbb6 31. Rc7 Rf6 32. e5 Rf5 33.
e4 Rf1+ 34. Kc2 Kf8 35. Bc4 Rf4 36. Rd2 Rb8 37. Kd3 Rd8+ 38. Bd5 f5 39. Ke3 Rh4
40. exf5 Rh3+ 41. Kf4 gxf5 42. Rf7+ Ke8 43. e6 Rd6 44. Ke5 Rb6 45. Rg2 Re3+ 46.
Kf6 1-0

[Event "Reykjavik Open 2010"]
[Site "Reykjavik City Hall"]
[Date "2010.02.25"]
[Round "2.3"]
[White "Cori T, Deysi"]
[Black "Sokolov, Ivan"]
[Result "0-1"]
[WhiteElo "2412"]
[BlackElo "2649"]
[PlyCount "46"]
[EventDate "2010.02.24"]

1. d4 Nf6 2. Nf3 g6 3. c4 Bg7 4. g3 b6 5. Bg2 Bb7 6. Nc3 Ne4 7. Bd2 Nxd2 8.
Qxd2 c5 9. d5 d6 10. h4 a6 11. h5 b5 12. Ne4 bxc4 13. Nfg5 Nd7 14. Nxf7 Kxf7
15. Ng5+ Kg8 16. hxg6 hxg6 17. Rxh8+ Bxh8 18. O-O-O Qb6 19. Rh1 Bf6 20. Bh3 Nf8
21. Be6+ Nxe6 22. Nxe6 Qxb2+ 23. Qxb2 Bxb2+ 0-1

[Event "Reykjavik Open 2010"]
[Site "Reykjavik City Hall"]
[Date "2010.02.25"]
[Round "2.4"]
[White "Kuzubov, Yuriy"]
[Black "Karavade, Eesha"]
[Result "1-0"]
[WhiteElo "2634"]
[BlackElo "2405"]
[PlyCount "77"]
[EventDate "2010.02.24"]

1. d4 Nf6 2. Nf3 g6 3. Bg5 Bg7 4. Nbd2 d5 5. e3 O-O 6. Be2 Bf5 7. O-O Nbd7 8.
c4 c6 9. Qb3 Qb6 10. Qa3 Rfe8 11. h3 e5 12. g4 Nxg4 13. hxg4 Bxg4 14. Rfe1 h6
15. Bh4 exd4 16. exd4 Bxd4 17. Nxd4 Qxd4 18. Bxg4 Qxg4+ 19. Bg3 h5 20. Qf3 Qxf3
21. Nxf3 dxc4 22. Nd2 b5 23. Ne4 Kf8 24. Kf1 Nb6 25. Nf6 Red8 26. Bh4 Rd3 27.
Rad1 Na4 28. Nd7+ Kg8 29. Bf6 Nb6 30. Rxd3 cxd3 31. Nxb6 axb6 32. Re3 Kh7 33.
Rxd3 Rxa2 34. Rd6 Ra1+ 35. Kg2 Rc1 36. f4 Rc5 37. Kf3 g5 38. fxg5 Rc4 39. Be5
1-0

[Event "Reykjavik Open 2010"]
[Site "Reykjavik City Hall"]
[Date "2010.02.25"]
[Round "2.7"]
[White "Tania, Sachdev"]
[Black "Hillarp Persson, Tiger"]
[Result "1/2-1/2"]
[WhiteElo "2398"]
[BlackElo "2581"]
[PlyCount "117"]
[EventDate "2010.02.24"]

1. d4 e6 2. c4 c5 3. d5 exd5 4. cxd5 d6 5. Nc3 g6 6. e4 Bg7 7. h3 Nh6 8. Bd3
Na6 9. Bf4 f6 10. Bb5+ Ke7 11. Nf3 Nf7 12. O-O Nc7 13. Be2 Re8 14. a4 Kf8 15.
Bd3 b6 16. Re1 Kg8 17. Qc2 Na6 18. Bb5 Nb4 19. Qb3 Bd7 20. Bd2 a6 21. Bxd7 Qxd7
22. Nd1 a5 23. Qc4 f5 24. exf5 Qxf5 25. Ne3 Qd3 26. Qc1 Nxd5 27. Ra3 Qe4 28.
Nc4 Qf5 29. Rb3 Qd7 30. Rxb6 Rxe1+ 31. Bxe1 Qxa4 32. b3 Qd7 33. Qd2 Qe6 34. Ng5
Nxg5 35. Rxd6 Bc3 36. Qxd5 Qxd5 37. Rxd5 Bxe1 38. Rxg5 Bb4 39. Kf1 Re8 40. Re5
Rxe5 41. Nxe5 Kg7 42. Ke2 Kf6 43. Nc4 Kf5 44. Kf3 h5 45. g4+ Kg5 46. Kg3 Be1
47. Ne5 hxg4 48. hxg4 Kf6 49. Nd7+ Ke6 50. Nxc5+ Kd5 51. Nb7 Ke4 52. Nc5+ Kd4
53. Nb7 g5 54. Kf3 Kd3 55. Nc5+ Kc2 56. Ke4 Bb4 57. Nb7 Kxb3 58. Nxa5+ Bxa5 59.
f4 1/2-1/2

[Event "Reykjavik Open 2010"]
[Site "Reykjavik City Hall"]
[Date "2010.02.25"]
[Round "2.8"]
[White "Gupta, Abhijeet"]
[Black "Gislason, Gudmundur"]
[Result "1-0"]
[WhiteElo "2577"]
[BlackElo "2382"]
[PlyCount "125"]
[EventDate "2010.02.24"]

1. d4 Nf6 2. c4 g6 3. Nc3 Bg7 4. e4 d6 5. f3 O-O 6. Nge2 Nc6 7. Be3 a6 8. Qd2
Rb8 9. Rc1 Bd7 10. Nd1 b5 11. cxb5 axb5 12. g3 e6 13. Bg2 b4 14. O-O Ne7 15.
Nf2 Bb5 16. Nd3 Nd7 17. Rc2 d5 18. Rfc1 e5 19. Nxe5 Nxe5 20. dxe5 dxe4 21. fxe4
Qxd2 22. Rxd2 Bxe2 23. Rxc7 b3 24. a4 Bg4 25. Rxe7 Rbc8 26. Bf1 Rc1 27. Kg2 Re1
28. Bf2 Rxe4 29. Rd4 Bf5 30. g4 Rxd4 31. Bxd4 Be4+ 32. Kg3 Rd8 33. Bb6 Rc8 34.
Kf4 Bd5 35. a5 f6 36. Rd7 fxe5+ 37. Kg3 Bc6 38. Bc4+ Kh8 39. Rd6 e4 40. Be6
Bxb2 41. Bxb3 Be5+ 42. Kh4 h6 43. Rxg6 Kh7 44. Re6 Bc3 45. Bc2 Kg7 46. Bxe4
Bf6+ 47. Kh3 Bb5 48. Kg2 Rc4 49. Bd3 Bc6+ 50. Kf2 Rf4+ 51. Ke2 Bd7 52. Re4
Bxg4+ 53. Kd2 Bg5 54. Bd4+ Kf8 55. Bc5+ Kg7 56. Kc3 Bf6+ 57. Kb4 Be5 58. a6 Bc8
59. a7 Bb7 60. Rxf4 Bxf4 61. Kb5 Bc7 62. Bb6 Bxh2 63. Bd4+ 1-0

[Event "Reykjavik Open 2010"]
[Site "Reykjavik City Hall"]
[Date "2010.02.25"]
[Round "2.9"]
[White "Kjartansson, Gudmundur"]
[Black "Stefansson, Hannes"]
[Result "0-1"]
[WhiteElo "2391"]
[BlackElo "2574"]
[PlyCount "86"]
[EventDate "2010.02.24"]

1. c4 Nf6 2. Nc3 e5 3. Nf3 Nc6 4. g3 Bb4 5. Bg2 O-O 6. O-O e4 7. Ne1 Bxc3 8.
dxc3 h6 9. Nc2 Re8 10. Ne3 d6 11. b3 Ne7 12. Qc2 Nf5 13. Nd5 Nxd5 14. cxd5 Qe7
15. c4 h5 16. Qc3 Bd7 17. Bb2 Qg5 18. Bc1 Qg6 19. Bf4 c5 20. dxc6 Bxc6 21. Rad1
Rad8 22. Qa5 a6 23. Bh3 Bd7 24. Bxf5 Bxf5 25. Rd5 Bg4 26. Qd2 e3 27. fxe3 Bh3
28. Qd4 Bxf1 29. Rg5 Qh7 30. Kxf1 h4 31. gxh4 Rc8 32. Kg2 b5 33. cxb5 axb5 34.
Qxd6 Rc2 35. Qf6 Rxe2+ 36. Kf3 Re1 37. Kf2 Rd1 38. Qc6 Red8 39. Qxb5 Qxh4+ 40.
Bg3 Qe4 41. Bf4 f6 42. Rf5 R8d2+ 43. Kg3 Rg1+ 0-1

[Event "Reykjavik Open 2010"]
[Site "Reykjavik City Hall"]
[Date "2010.02.25"]
[Round "2.11"]
[White "Kveinys, Aloyzas"]
[Black "Johannesson, Ingvar Thor"]
[Result "1/2-1/2"]
[WhiteElo "2536"]
[BlackElo "2330"]
[PlyCount "112"]
[EventDate "2010.02.24"]

1. d4 d5 2. c4 c6 3. Nf3 Nf6 4. e3 Bf5 5. Nc3 e6 6. Nh4 Bg6 7. Be2 Nbd7 8. g3
Bd6 9. O-O dxc4 10. Nxg6 hxg6 11. Bxc4 Nb6 12. Be2 e5 13. dxe5 Bxe5 14. Bf3 Qc8
15. Bg2 Qe6 16. Qb3 Qxb3 17. axb3 a6 18. Rd1 Rd8 19. Bd2 Nfd7 20. Na4 Nxa4 21.
bxa4 Nc5 22. Ba5 Rxd1+ 23. Rxd1 Bf6 24. b3 Nxb3 25. Be1 Rh5 26. Rb1 Nc5 27. f4
Kd7 28. a5 Kc7 29. g4 Rh8 30. g5 Be7 31. Bb4 Re8 32. Bc3 Bf8 33. Bd4 Ne6 34.
Bb6+ Kb8 35. Kf2 Bd6 36. Rd1 Bc5 37. Rd7 Re7 38. Rxe7 Bxe7 39. Bh3 Nc5 40. Bg4
Ne4+ 41. Ke2 Bc5 42. Bd8 Nc3+ 43. Kf3 b5 44. axb6 a5 45. Bc7+ Kb7 46. Be5 Bb4
47. Bxc3 Bxc3 48. Bd7 a4 49. Be8 f6 50. gxf6 Bxf6 51. Bxg6 a3 52. Bf7 Kxb6 53.
Ke2 Bb2 54. Kd3 Bc1 55. h4 Kc5 56. h5 Kd6 1/2-1/2

[Event "Reykjavik Open 2010"]
[Site "Reykjavik City Hall"]
[Date "2010.02.25"]
[Round "2.12"]
[White "Thorfinnsson, Bjorn"]
[Black "Nataf, Igor-Alexandre"]
[Result "0-1"]
[WhiteElo "2383"]
[BlackElo "2534"]
[Annotator ",User"]
[PlyCount "69"]
[EventDate "2010.02.24"]

1. d4 Nf6 2. c4 g6 3. Nc3 Bg7 4. e4 d6 5. Nf3 O-O 6. h3 e5 7. d5 a5 8. Bg5 Qe8
9. Be2 Nfd7 10. g4 Nc5 11. Nd2 Nba6 12. h4 f5 13. gxf5 gxf5 14. Be3 Kh8 15. a3
Bd7 16. Qc2 Na4 17. exf5 Nxc3 18. Qxc3 Nc5 19. Bg4 e4 20. Bd4 Nd3+ 21. Ke2 Ne5
22. h5 Bf6 23. Rag1 c5 24. Bxe5 Bxe5 25. Qc2 Qf7 26. Kd1 b5 27. f6 Bxg4+ 28.
Rxg4 bxc4 29. Qxc4 Bxf6 30. Nxe4 Bxb2 31. Re1 Bc3 32. Re2 Rab8 33. Kc2 Ba1 34.
Rg3 a4 35. h6 {...} 0-1

[Event "Reykjavik Open 2010"]
[Site "Reykjavik City Hall"]
[Date "2010.02.25"]
[Round "2.13"]
[White "Ansell, Simon T"]
[Black "Kogan, Artur"]
[Result "0-1"]
[WhiteElo "2381"]
[BlackElo "2524"]
[PlyCount "66"]
[EventDate "2010.02.24"]

1. e4 c5 2. Nf3 d6 3. Bc4 e6 4. O-O a6 5. Re1 Nf6 6. Bf1 b6 7. c4 Bb7 8. Nc3
Nbd7 9. d4 cxd4 10. Nxd4 Be7 11. f4 O-O 12. f5 e5 13. Nc2 b5 14. cxb5 axb5 15.
Nb4 Nc5 16. Nbd5 Ncxe4 17. Nxf6+ Nxf6 18. Nxb5 Ne4 19. Qg4 d5 20. Rxe4 dxe4 21.
Be3 Bc6 22. Nc3 Qc8 23. Rc1 Qb7 24. Bh6 g6 25. Bc4 Qd7 26. Bxf8 Rxf8 27. Nxe4
Qd4+ 28. Nf2 Qxb2 29. Nd3 Qb6+ 30. Kh1 Bd7 31. Nxe5 Qe3 32. Bxf7+ Rxf7 33. Qd1
Qxe5 0-1

[Event "Reykjavik Open 2010"]
[Site "Reykjavik City Hall"]
[Date "2010.02.25"]
[Round "2.14"]
[White "Zaremba, Andrie"]
[Black "Romanishin, Oleg M"]
[Result "0-1"]
[WhiteElo "2360"]
[BlackElo "2512"]
[PlyCount "88"]
[EventDate "2010.02.24"]

1. d4 Nf6 2. Nf3 e6 3. c4 b6 4. g3 Ba6 5. b3 Bb7 6. Bg2 Bb4+ 7. Bd2 a5 8. O-O
O-O 9. Nc3 d6 10. Qc2 Nbd7 11. Rfe1 Bxc3 12. Bxc3 Be4 13. Qb2 h6 14. Nd2 Bxg2
15. Kxg2 c5 16. Rad1 Qc7 17. e4 cxd4 18. Bxd4 e5 19. Be3 Nc5 20. Qc2 Rfc8 21.
f3 a4 22. Nb1 axb3 23. axb3 b5 24. Nc3 bxc4 25. bxc4 Ne6 26. Nb5 Qxc4 27. Qxc4
Rxc4 28. Re2 Ne8 29. Nxd6 Nxd6 30. Rxd6 Ra3 31. Rdd2 Rcc3 32. Kf2 Ng5 33. h4
Nh3+ 34. Kg2 Rxe3 35. Rxe3 Rxe3 36. Kxh3 Rxf3 37. Rd5 f6 38. Kg4 Re3 39. Kh5
Kh7 40. Rd7 Rxe4 41. g4 Re1 42. Re7 Rg1 43. Rd7 e4 44. Re7 e3 0-1

[Event "Reykjavik Open 2010"]
[Site "Reykjavik City Hall"]
[Date "2010.02.25"]
[Round "2.16"]
[White "Westerinen, Heikki M J"]
[Black "Nyzhnyk, Illya"]
[Result "1/2-1/2"]
[WhiteElo "2333"]
[BlackElo "2495"]
[PlyCount "73"]
[EventDate "2010.02.24"]

1. e4 c5 2. Nc3 a6 3. g3 b5 4. Bg2 Bb7 5. Nge2 e6 6. d4 cxd4 7. Nxd4 Nf6 8. O-O
b4 9. Na4 Bxe4 10. Bxe4 Nxe4 11. Re1 d5 12. c4 bxc3 13. Nxc3 Nxc3 14. Qh5 Ne4
15. Nxe6 Qb6 16. Nc7+ Qxc7 17. Qxd5 Nc6 18. Bf4 Qd7 19. Qxe4+ Be7 20. Rad1 Qb7
21. Bd6 O-O 22. Bxe7 Rfe8 23. Qd5 h6 24. Bd6 Red8 25. Qf3 Qb5 26. Bc7 Rxd1 27.
Rxd1 Rc8 28. a4 Qxa4 29. b3 Qb5 30. Rd5 Nd4 31. Rxd4 Rxc7 32. Rd8+ Kh7 33. Qd3+
Qxd3 34. Rxd3 Rc6 35. Rd7 Kg6 36. Rb7 Kf6 37. b4 1/2-1/2

[Event "Reykjavik Open 2010"]
[Site "Reykjavik City Hall"]
[Date "2010.02.25"]
[Round "2.18"]
[White "Harika, Dronavalli"]
[Black "Thorsteinsson, Thorsteinn"]
[Result "1-0"]
[WhiteElo "2471"]
[BlackElo "2278"]
[PlyCount "81"]
[EventDate "2010.02.24"]

1. Nf3 d6 2. d4 Nf6 3. g3 Nbd7 4. c4 e5 5. Nc3 Be7 6. Bg2 O-O 7. O-O c6 8. e4
a6 9. a4 a5 10. h3 Re8 11. Be3 Bf8 12. Qc2 exd4 13. Nxd4 Nc5 14. Rfe1 Qc7 15.
Rad1 g6 16. f4 Nfd7 17. g4 Na6 18. Nb3 b6 19. Qf2 Bb7 20. e5 Nb4 21. exd6 Bxd6
22. Ne4 Be7 23. f5 Ne5 24. Bxb6 Qc8 25. fxg6 fxg6 26. Rf1 Rf8 27. Qd4 Rxf1+ 28.
Rxf1 Nbd3 29. Nbc5 Nxc5 30. Bxc5 Qe6 31. Bxe7 Qxe7 32. Qc5 Re8 33. Qxa5 Kg7 34.
Qc3 c5 35. Nf6 Rf8 36. g5 Bxg2 37. Kxg2 Rd8 38. Re1 Rd4 39. b3 h6 40. Qe3 hxg5
41. Nd5 1-0

[Event "Reykjavik Open 2010"]
[Site "Reykjavik City Hall"]
[Date "2010.02.25"]
[Round "2.19"]
[White "Ptacnikova, Lenka"]
[Black "Ivanov, Mikhail M"]
[Result "1/2-1/2"]
[WhiteElo "2315"]
[BlackElo "2465"]
[PlyCount "24"]
[EventDate "2010.02.24"]

1. e4 e5 2. Nf3 Nc6 3. Bb5 Nge7 4. c3 g6 5. d4 exd4 6. cxd4 a6 7. Ba4 b5 8. Bb3
Bg7 9. O-O O-O 10. Nc3 Na5 11. Bc2 d6 12. d5 c5 1/2-1/2

[Event "Reykjavik Open 2010"]
[Site "Reykjavik City Hall"]
[Date "2010.02.25"]
[Round "2.21"]
[White "Thompson, Ian D"]
[Black "Boskovic, Drasko"]
[Result "1/2-1/2"]
[WhiteElo "2266"]
[BlackElo "2454"]
[PlyCount "113"]
[EventDate "2010.02.24"]

1. c4 c5 2. Nc3 g6 3. g3 Bg7 4. Bg2 Nc6 5. Nf3 d6 6. d3 Nh6 7. h4 Bg4 8. Bd2
Qd7 9. a3 Nf5 10. Nh2 h5 11. Nxg4 hxg4 12. Rb1 Rc8 13. b4 b6 14. b5 Ne5 15. Nd5
Nd4 16. Be3 Nf5 17. Bd2 e6 18. Ne3 Nd4 19. Nc2 f5 20. Bf4 Kf7 21. Nxd4 cxd4 22.
Qd2 Bf6 23. a4 Kg7 24. a5 Nf7 25. axb6 axb6 26. Ra1 d5 27. cxd5 e5 28. Bg5 Bxg5
29. hxg5 Rxh1+ 30. Bxh1 Qxb5 31. f4 Qc5 32. fxe5 Nxe5 33. Ra7+ Kg8 34. Kf2 Qc1
35. Qxc1 Rxc1 36. Bg2 Nf7 37. Ra4 Nxg5 38. Rxd4 Rc8 39. Rb4 Rb8 40. e4 Nf7 41.
Ke3 Kg7 42. d4 fxe4 43. Bxe4 Re8 44. Kd3 Nd6 45. Bg2 b5 46. Bf1 Ra8 47. Kc2 Re8
48. Bd3 Kf6 49. Kd2 Ra8 50. Rb1 Ra2+ 51. Kc3 Rg2 52. Re1 Nf5 53. Bxf5 gxf5 54.
d6 Rxg3+ 55. Kd2 Rg2+ 56. Kd3 Rg3+ 57. Kd2 1/2-1/2

[Event "Reykjavik Open 2010"]
[Site "Reykjavik City Hall"]
[Date "2010.02.25"]
[Round "2.22"]
[White "Grover, Sahaj"]
[Black "Bergsson, Stefan"]
[Result "1-0"]
[WhiteElo "2448"]
[BlackElo "2079"]
[PlyCount "37"]
[EventDate "2010.02.24"]

1. e4 c5 2. Nf3 d6 3. d4 cxd4 4. Nxd4 Nf6 5. Nc3 g6 6. f4 Nfd7 7. Bd3 Bg7 8.
Nf3 Nc5 9. O-O O-O 10. Qe1 b5 11. f5 gxf5 12. Qg3 Kh8 13. Qh4 Bb7 14. Ng5 h6
15. exf5 Nxd3 16. cxd3 Qb6+ 17. Kh1 Qd4 18. Nge4 Qxd3 19. Bxh6 1-0

[Event "Reykjavik Open 2010"]
[Site "Reykjavik City Hall"]
[Date "2010.02.25"]
[Round "2.24"]
[White "Miezis, Normunds"]
[Black "Johnsen, Sylvia"]
[Result "1-0"]
[WhiteElo "2533"]
[BlackElo "2032"]
[PlyCount "57"]
[EventDate "2010.02.24"]

1. c4 Nf6 2. Nc3 d5 3. cxd5 Nxd5 4. g3 c5 5. Bg2 Nc7 6. d3 Nc6 7. Bxc6+ bxc6 8.
Qa4 Bb7 9. Nf3 f6 10. Nd2 e5 11. Nb3 Ne6 12. Be3 Qb6 13. Rc1 Rd8 14. O-O Nd4
15. Na5 Ba6 16. Nc4 Qb7 17. Bxd4 cxd4 18. Ne4 Bb5 19. Qb3 Qa6 20. Na3 Rd5 21.
Nxb5 Qxb5 22. Qxb5 Rxb5 23. Rxc6 Rxb2 24. Rc8+ Kf7 25. Rfc1 Rxa2 26. f4 g6 27.
R1c7+ Ke6 28. Rc6+ Ke7 29. R8c7+ 1-0

[Event "Reykjavik Open 2010"]
[Site "Reykjavik City Hall"]
[Date "2010.02.25"]
[Round "2.25"]
[White "Sverrisson, Nokkvi"]
[Black "Maze, Sebastien"]
[Result "0-1"]
[WhiteElo "1784"]
[BlackElo "2554"]
[PlyCount "48"]
[EventDate "2010.02.24"]

1. e4 c5 2. Nf3 Nc6 3. d4 cxd4 4. Nxd4 g6 5. Nc3 Bg7 6. Be3 Nf6 7. Bc4 Qa5 8.
O-O O-O 9. f3 d6 10. Bb3 Bd7 11. Qd2 Rfc8 12. Nxc6 bxc6 13. Bh6 Bxh6 14. Qxh6
Rab8 15. f4 d5 16. f5 gxf5 17. e5 Qc5+ 18. Kh1 Ng4 19. Na4 Nf2+ 20. Rxf2 Qxf2
21. Qg5+ Kh8 22. Qxe7 Rg8 23. Rg1 f4 24. Qxd7 Rxg2 0-1

[Event "Reykjavik Open 2010"]
[Site "Reykjavik City Hall"]
[Date "2010.02.25"]
[Round "2.26"]
[White "Grandelius, Nils"]
[Black "Andersson, Christin"]
[Result "1-0"]
[WhiteElo "2515"]
[BlackElo "2135"]
[PlyCount "73"]
[EventDate "2010.02.24"]

1. d4 d6 2. Nf3 Nf6 3. c4 Nbd7 4. Nc3 e5 5. e4 exd4 6. Nxd4 Nc5 7. f3 Ne6 8.
Nc2 Be7 9. Be2 O-O 10. O-O c6 11. Be3 Re8 12. Qd2 Qc7 13. Rad1 b6 14. f4 Bb7
15. Bf3 Rad8 16. Kh1 Ba6 17. b3 Nc5 18. Rfe1 Bf8 19. Bf2 Bc8 20. b4 Nb7 21. h3
c5 22. b5 Na5 23. Ne3 Bb7 24. Bh4 Be7 25. Bxf6 Bxf6 26. Ncd5 Qc8 27. Nxf6+ gxf6
28. Ng4 Kf8 29. f5 Ke7 30. Qh6 Nxc4 31. Qxf6+ Kf8 32. Qh8+ Ke7 33. Qc3 Na5 34.
Qf6+ Kf8 35. e5 Bxf3 36. Qh8+ Ke7 37. exd6+ 1-0

[Event "Reykjavik Open 2010"]
[Site "Reykjavik City Hall"]
[Date "2010.02.25"]
[Round "2.28"]
[White "Olsen, Heini"]
[Black "Omarsson, Dadi"]
[Result "0-1"]
[WhiteElo "2355"]
[BlackElo "2131"]
[PlyCount "46"]
[EventDate "2010.02.24"]

1. Nf3 Nf6 2. c4 g6 3. Nc3 Bg7 4. d4 O-O 5. Bg5 d6 6. e3 c5 7. d5 Qb6 8. Rb1 e5
9. Nd2 h6 10. Bh4 Nh7 11. g4 Nd7 12. Bd3 f5 13. gxf5 gxf5 14. Rg1 e4 15. Bc2
Ne5 16. Qh5 Kh8 17. Ke2 Rg8 18. Rg3 Bd7 19. b3 Raf8 20. Be7 Rf7 21. Bh4 Be8 22.
Kf1 f4 23. exf4 Rxf4 0-1

[Event "Reykjavik Open 2010"]
[Site "Reykjavik City Hall"]
[Date "2010.02.25"]
[Round "2.29"]
[White "Galego, Luis"]
[Black "Helgadottir, Sigridur Bjorg"]
[Result "1-0"]
[WhiteElo "2487"]
[BlackElo "1725"]
[PlyCount "141"]
[EventDate "2010.02.24"]

1. e4 c5 2. Nf3 d6 3. Nc3 Nc6 4. g3 g6 5. Bg2 Bg7 6. O-O e6 7. d3 Nge7 8. Be3
O-O 9. d4 cxd4 10. Nxd4 Bd7 11. Nb3 Qb8 12. Qe2 Rc8 13. Rad1 Ne5 14. Nd2 b5 15.
f4 Nc4 16. Nxc4 Rxc4 17. e5 d5 18. Ne4 Qc7 19. Nf6+ Kh8 20. Nxd7 Qxd7 21. b3
Rc7 22. c4 bxc4 23. bxc4 Rd8 24. cxd5 Nxd5 25. Rd2 Qc6 26. Rfd1 Rcd7 27. Qf2
Qb7 28. Bxd5 Rxd5 29. Rxd5 Rxd5 30. Rxd5 Qxd5 31. Bxa7 Qd1+ 32. Kg2 h5 33. Be3
Qd5+ 34. Kh3 Qe4 35. Qd2 Qf5+ 36. Kg2 Qe4+ 37. Kf2 Qh1 38. Ke2 Qxh2+ 39. Bf2
Qg2 40. Qd4 Qc6 41. a4 Qc2+ 42. Kf1 Qc1+ 43. Be1 Qc6 44. a5 Bf8 45. Qd3 Qh1+
46. Ke2 Qg2+ 47. Kd1 Qc6 48. a6 Qa4+ 49. Ke2 Qa2+ 50. Kf3 Bc5 51. Bd2 Qa4 52.
Ke2 Qc6 53. Qc4 Qg2+ 54. Kd1 Bf2 55. Qc8+ Kg7 56. Bb4 Qf3+ 57. Kc2 Qe4+ 58. Kb3
Qb1+ 59. Ka4 Qd1+ 60. Kb5 Qd3+ 61. Qc4 Qd7+ 62. Ka5 Qd8+ 63. Ka4 Qd7+ 64. Ka3
Bxg3 65. Bc5 Qd1 66. a7 Qa1+ 67. Kb3 Qb1+ 68. Ka4 Qa1+ 69. Kb5 Qb1+ 70. Ka6
Qa1+ 71. Kb7 1-0

[Event "Reykjavik Open 2010"]
[Site "Reykjavik City Hall"]
[Date "2010.02.25"]
[Round "2.30"]
[White "Kleinert, Juergen"]
[Black "Lagerman, Robert"]
[Result "0-1"]
[WhiteElo "2004"]
[BlackElo "2347"]
[PlyCount "90"]
[EventDate "2010.02.24"]

1. e4 e5 2. Nc3 Nf6 3. f4 d5 4. fxe5 Nxe4 5. Nf3 Be7 6. d3 Nxc3 7. bxc3 c5 8.
d4 Nc6 9. Be2 O-O 10. O-O Bf5 11. Be3 Qa5 12. Bd3 Be4 13. Bd2 c4 14. Bxe4 dxe4
15. Ne1 e3 16. Bxe3 Qxc3 17. Rf3 Rad8 18. Bf2 Qa5 19. Rh3 Nxd4 20. Qh5 h6 21.
Be3 Qa6 22. Rg3 Kh7 23. Qg4 Ne6 24. Nf3 Qb5 25. Bxh6 gxh6 26. Qf5+ Kh8 27. Rh3
Qb6+ 28. Kh1 Nd4 29. Qf4 Kh7 30. Qe4+ Qg6 31. Qxb7 Bc5 32. Rf1 Qc6 33. Ng5+ Kg8
34. Qxc6 Nxc6 35. Rxh6 Be3 36. Rh5 f5 37. Ne6 f4 38. Nxd8 Nxd8 39. g4 Ne6 40.
Kg2 Nd4 41. c3 Ne2 42. Rd1 f3+ 43. Kf1 Nxc3 44. Rd6 Ne4 45. Rg6+ Kf7 0-1

[Event "Reykjavik Open 2010"]
[Site "Reykjavik City Hall"]
[Date "2010.02.25"]
[Round "2.31"]
[White "Bick, John D"]
[Black "Yurenok, Maria S"]
[Result "1-0"]
[WhiteElo "2248"]
[BlackElo "1974"]
[PlyCount "105"]
[EventDate "2010.02.24"]

1. d4 d5 2. c4 c6 3. cxd5 cxd5 4. Bf4 Nc6 5. e3 Nf6 6. Nc3 a6 7. Be2 e6 8. Bd3
Be7 9. Nf3 O-O 10. O-O Nh5 11. Be5 f5 12. Qb3 Nf6 13. Bg3 Ne4 14. Bxe4 fxe4 15.
Ne5 Nxe5 16. Bxe5 b5 17. Rac1 Bd6 18. Bxd6 Qxd6 19. a3 Bb7 20. Rc2 Rab8 21. Nb1
Rfc8 22. Rfc1 Rxc2 23. Rxc2 b4 24. a4 Rc8 25. Rxc8+ Bxc8 26. Qc2 Bd7 27. Nd2
Qc6 28. Qxc6 Bxc6 29. b3 Kf7 30. f3 Ke7 31. Kf2 Kd6 32. Kg3 e5 33. f4 exd4 34.
exd4 Ke6 35. Nf1 Kf6 36. Ne3 g5 37. fxg5+ Kxg5 38. h4+ Kf6 39. Kf4 h5 40. a5
Ke6 41. Nc2 Bb5 42. Nxb4 Be2 43. Na2 Kd6 44. Ke3 Bg4 45. Nb4 Bd1 46. Nxa6 Bxb3
47. Nb4 Bc4 48. g3 Bb3 49. g4 hxg4 50. h5 g3 51. h6 g2 52. Kf2 e3+ 53. Kxg2 1-0

[Event "Reykjavik Open 2010"]
[Site "Reykjavik City Hall"]
[Date "2010.02.25"]
[Round "2.32"]
[White "Brynjarsson, Helgi"]
[Black "Olafsson, Thorvardur"]
[Result "1/2-1/2"]
[WhiteElo "1964"]
[BlackElo "2217"]
[PlyCount "55"]
[EventDate "2010.02.24"]

1. e4 e5 2. Nf3 Nc6 3. Bc4 Nf6 4. d3 Be7 5. O-O O-O 6. Re1 d6 7. h3 Na5 8. Bb3
Nxb3 9. axb3 c5 10. Bd2 a5 11. c4 Bd7 12. Nc3 b5 13. Nh2 b4 14. Ne2 Ne8 15. g4
Bg5 16. f4 exf4 17. Bxf4 Bxf4 18. Nxf4 Qf6 19. Nd5 Qh4 20. Re3 Nf6 21. Ne7+ Kh8
22. Nf5 Bxf5 23. exf5 Rae8 24. Qe1 Qh6 25. Nf1 Qg5 26. Qd2 Qh4 27. Qf2 Qg5 28.
Qd2 1/2-1/2

[Event "Reykjavik Open 2010"]
[Site "Reykjavik City Hall"]
[Date "2010.02.25"]
[Round "2.33"]
[White "Steil-Antoni, Fiona"]
[Black "Unnarsson, Sverrir"]
[Result "1/2-1/2"]
[WhiteElo "2198"]
[BlackElo "1958"]
[PlyCount "31"]
[EventDate "2010.02.24"]

1. e4 c5 2. Nc3 e6 3. f4 d5 4. Bb5+ Bd7 5. Qe2 d4 6. Bxd7+ Qxd7 7. Nd1 Bd6 8.
d3 Nc6 9. Nf3 Bc7 10. O-O Nge7 11. e5 O-O-O 12. Ng5 Nd5 13. Ne4 b6 14. Bd2 h6
15. a3 Kb8 16. Qe1 1/2-1/2

[Event "Reykjavik Open 2010"]
[Site "Reykjavik City Hall"]
[Date "2010.02.25"]
[Round "2.35"]
[White "Halldorsson, Jon Arni"]
[Black "Botheim, Tor"]
[Result "1-0"]
[WhiteElo "2189"]
[BlackElo "1944"]
[PlyCount "103"]
[EventDate "2010.02.24"]

1. d4 Nf6 2. c4 g6 3. Nc3 Bg7 4. e4 d6 5. Bd3 O-O 6. Nge2 e5 7. d5 Nh5 8. O-O
f5 9. exf5 gxf5 10. Ng3 Nxg3 11. fxg3 e4 12. Be2 Nd7 13. Be3 Ne5 14. Nb5 Qe7
15. Qd2 a6 16. Nd4 c5 17. dxc6 bxc6 18. Rad1 c5 19. Nb3 Be6 20. Bg5 Qf7 21.
Qxd6 Nxc4 22. Qxc5 Rac8 23. Qe7 Qxe7 24. Bxe7 Rfe8 25. Bg5 Nxb2 26. Rd6 Rc2 27.
Bh5 Bf7 28. Bxf7+ Kxf7 29. Rxf5+ Kg8 30. Rf2 Rc4 31. Rxa6 e3 32. Re2 Rce4 33.
Rd6 Nc4 34. Rd8 Rxd8 35. Bxd8 Bh6 36. Bc7 Kf7 37. h3 Nd2 38. Bf4 Bxf4 39. gxf4
Nxb3 40. axb3 Ke6 41. g3 Kd5 42. Kg2 Kd4 43. Kf3 Re8 44. b4 h5 45. b5 Re6 46.
b6 Rxb6 47. Rxe3 Rh6 48. Re8 Kd5 49. f5 h4 50. g4 Ra6 51. g5 Ra3+ 52. Kg4 1-0